LEADER 01063nam a2200253 i 4500 001 000000166448 003 CaOOAMICUS 005 20071112000000.0 008 071112s1970 it u000 u ita u 013 $a143816 040 $aSeMil$bita 100 1 $aNabokov, Vladimir <1899-1977>.$0(OLS)http://semarc/name/50852 245 10$aAda o dell'ardore :$bcronaca familiare : Romanzo /$cVladimir Nabokov ; traduzione di Bruno Oddera. 250 $a3. Ed. 260 $aMilano :$bArnoldo Mondadori Editore,$c1970. 300 $a651 p. ;$c21 cm. 490 0 $aScrittori italiani e stranieri 700 1 $aOddera, Bruno,$d<1917-1988>.$0(OLS)http://semarc/name/7612 830 0$aScrittori italiani e stranieri.$0(OLS)http://semarc/title/2727 850 $aSeMil 852 $aSeMil$W1$xVenegono$y1$m1T II 81$j236630$B117611$CSeMilBibl$Z2$F128294 $81 961 $aRecupero: Altro 996 $6245$aAda o dell'ardore :$bcronaca familiare : Romanzo$9(OLS)http://semarc/title/237793 996 $6260$aMilano :$bArnoldo Mondadori Editore$9(OLS)http://semarc/publisher/30056 LEADER 01482nam a2200277 i 4500 001 000000164756 003 CaOOAMICUS 005 20070925000000.0 008 070925s2007 it u000 u ita u 013 $a142124 020 $a978-88-8123-460-8 040 $aSeMil$bita 110 2 $aArcidiocesi di Milano : Servizio per l'apostolato biblico.$0(OLS)http://semarc/name/61128 245 10$aCresceva in sapienza e Grazia :$bil Figlio di Dio in una famiglia umana : itinerario per Gruppi di ascolto della Parola /$cDiocesi di Milano, Servizio per l'Apostolato Biblico e Azione Cattolica Ambrosiana. 260 $aMilano :$bIn Dialogo,$ccopyr. 2007. 300 $a137 p. ;$c21 cm. 650 4$aFamiglie - Attivitą pastorale.$0(OLS)http://semarc/subject/2884 650 4$aBibbia - Famiglia.$0(OLS)http://semarc/subject/18433 650 4$aParola di Dio - Gruppi di ascolto.$0(OLS)http://semarc/subject/1655 850 $aSeMil 852 $aSeMil$W1$xVenegono$y1$m3F IV 339$j115984$B115984$CSeMilBibl$Z2$F175807 $81 852 $aSeMil$W1$xVenegono$y1$m2C III 502$j234440$B242702$CSeMilBibl$Z2$F242702 $81 961 $aOmaggio: Cooperativa "In Dialogo" 996 $6020$a978-88-8123-460-8$9(OLS)http://semarc/number/151072 996 $6245$aCresceva in sapienza e Grazia :$bil Figlio di Dio in una famiglia umana : itinerario per Gruppi di ascolto della Parola$9(OLS)http://semarc/title/235105 996 $6260$aMilano :$bIn Dialogo$9(OLS)http://semarc/publisher/31663 LEADER 01456nam a2200277 i 4500 001 000000226381 003 CaOOAMICUS 005 20140121000000.0 008 140121s2011 it u000 u ita u 013 $a205283 040 $aSeMil$bita 100 1 $aFortuna, Daniele Domenico.$0(OLS)http://semarc/name/78553 245 13$aIl Figlio dell'ascolto :$bl'autocomprensione del Gesł storico alla luce dello Shema' Yisrael /$cDissertazione di dottorato presentata da Daniele Domenico Fortuna ; sotto la direzione del Professore Massimo Grilli. 260 $a[S.l. :$bs.n.,$c2011] 300 $a453 p. ;$c30 cm. 500 $aContiene : Bibliografia. - In testa al front. : Pontificia Universitą Gregoriana, Facoltą di Teologia, Dipartimento di Teologia Biblica. - Fondo card. C. M. Martini. 650 4$aTesi di laurea.$0(OLS)http://semarc/subject/1690 650 4$aGesł Cristo - Gesł storico.$0(OLS)http://semarc/subject/742 650 4$aGesł Cristo - Storicitą.$0(OLS)http://semarc/subject/4538 700 1 $aGrilli, Massimo.$0(OLS)http://semarc/name/41684 850 $aSeMil 852 $aSeMil$W1$xVenegono$y1$m4X IX 46$j176727$B176727$CSeMilBibl$Z2$F187601 $8L 941 1 $a4 961 $aLascito: Martini Card. Carlo Maria 996 $6245$aIl Figlio dell'ascolto :$bl'autocomprensione del Gesł storico alla luce dello Shema' Yisrael$9(OLS)http://semarc/title/324132 996 $6260$a[S.l. :$bs.n.$9(OLS)http://semarc/publisher/31686